Asian Capital Superlatives - Top 2 - Statistics

General Stats
  • This quiz has been taken 28,145 times
    19,370 since last reset
  • The average score is 14 of 20
Answer Stats
Category Capitals % Correct
Most populous urban area Tokyo | New Delhi
98%
Most billionaires Beijing | Seoul
89%
Easternmost Tokyo | Seoul
89%
Southernmost Dili | Jakarta
87%
Largest Muslim population Jakarta | Dhaka
86%
Closest to Mount Everest Kathmandu | Thimphu
86%
Northernmost Astana | Ulaanbaatar
83%
Westernmost Ankara | Nicosia
82%
Largest Christian population Manila | Seoul
78%
Most air pollution (2017–2021) New Delhi | Kathmandu
74%
Recognized as a capital by the fewest UN members Taipei | Jerusalem
68%
Height of tallest building Kuala Lumpur | Seoul
67%
Highest elevation Thimphu | Sana'a
64%
Most international tourists (2019) Bangkok | Singapore
59%
Hottest average daily high temperature Abu Dhabi | Kuwait City
57%
First alphabetically Abu Dhabi | Amman
54%
Longest continuously inhabited Damascus | Beirut
49%
Last alphabetically Yerevan | Vientiane
46%
Most precipitation Bandar Seri Begawan | Kuala Lumpur
39%
Furthest from any other capital Dili | Bandar Seri Begawan
38%
No matching quizzes found
Score Distribution
Percent of People with Each Score
Percentile by Number Answered
Your Score History
You have not taken this quiz since the last reset